| 000 | 00958nac a22002897a 4500 | ||
|---|---|---|---|
| 001 | BR9403415 | ||
| 003 | BR-BrBNA | ||
| 005 | 20240105121546.0 | ||
| 008 | 230509b bl.|||m| |||| 00| 0 por d | ||
| 040 |
_aBR-BrBNA _bpor _cBiblioteca Nacional de Agricultura |
||
| 072 | _aE16 | ||
| 090 | _a0430 BR9403415 | ||
| 100 | 1 | _aFreire, E.C. | |
| 100 | 1 | _aSantos, A.M. dos | |
| 100 | 1 | _aArantes, E.M. | |
| 100 | 1 | _aParo, H. | |
| 110 | 1 | _aEmpresa Mato-Grossense de Pesquisa, Assistencia e Extensao Rural S.A., Cuiaba, MT (Brasil) | |
| 245 | 1 | _aDiagnostico da cultura do algodao em Mato Grosso | |
| 260 | 3 |
_aCuiaba, MT (Brasil): _c1993. |
|
| 300 | _a59 p. | ||
| 490 |
_aDocumentos - Empresa Mato-Grossense de Pesquisa, Assistencia e Extensao Rural S.A. (Brazil) _vno. 6 _xISSN 0104-0669 |
||
| 650 | _aAlgodao | ||
| 650 | _aEstatistica de Producao | ||
| 650 | _aMato Grosso | ||
| 909 |
_a202312 _bLúcia Elande _c55 _dLúcia Elande |
||
| 942 |
_2AGRIS _n0 _cMS |
||
| 999 |
_c286011 _d286011 |
||